Viacslovné pomenovania s názvom farby čierny v ruskom a slovenskom jazyku

Adjektívum čierny v ruštine a v slovenčine slúžiace ako názov jednej zo základných farieb spektra sú v ruskom i v slovenskom jazyku súčasťou mnohých viacslovných pomenovaní i frazeologizmov. Hľadanie miery ekvivalencie viacslovných pomenovaní v ruskom a v slovenskom jazyku obsahujúcich tento názov f...

Descrizione completa

Salvato in:
Dettagli Bibliografici
Autore principale: Uličná, Martina, 1971-
Natura: Capitolo di libro
Lingua:slovacco
Soggetti:
Tags: Aggiungi Tag
Nessun Tag, puoi essere il primo ad aggiungerne!!

MARC

LEADER 00000naa a2200000 4500
001 0272247
005 20240502074306.9
041 0 |a slo 
044 |a SK 
245 1 0 |a Viacslovné pomenovania s názvom farby čierny v ruskom a slovenskom jazyku  |c Martina Uličná 
520 |a Adjektívum čierny v ruštine a v slovenčine slúžiace ako názov jednej zo základných farieb spektra sú v ruskom i v slovenskom jazyku súčasťou mnohých viacslovných pomenovaní i frazeologizmov. Hľadanie miery ekvivalencie viacslovných pomenovaní v ruskom a v slovenskom jazyku obsahujúcich tento názov farby a analýza prípadov, v ktorých sa použitie uvedeného adjektíva v oboch jazykoch odlišuje. 
610 2 0 |a ruština 
610 2 0 |a slovenčina 
610 2 0 |a frazeológia 
100 1 |a Uličná, Martina, 1971-